000 00278nam a2200121Ia 4500
008 190216s9999||||xx |||||||||||||| ||und||
100 _aHarold Robbins
245 4 _aThe Inheritors
260 _bPocket Books Publishers
_c1971
300 _a276p
650 _aNovel
942 _cBK
999 _c12738
_d12738